书目信息 |
| 题名: |
地震灾害应急救援与救援资源合理配置
|
|
| 作者: | 苏幼坡 , 陈建伟 , 王卫国 著 | |
| 分册: | ||
| 出版信息: | 北京 中国建筑工业出版社 2016.06 |
|
| 页数: | 12,214页 | |
| 开本: | 26cm | |
| 丛书名: | ||
| 单 册: | ||
| 中图分类: | P315.95 | |
| 科图分类: | ||
| 主题词: | 地震灾害--救援--物资管理--资源分配--研究 | |
| 电子资源: | ||
| ISBN: | 978-7-112-19184-0 | |
| 000 | 01236nam0 2200265 450 | |
| 001 | 0100003987 | |
| 005 | 20190306100011.14 | |
| 010 | @a978-7-112-19184-0@dCNY49.00 | |
| 100 | @a20160620d2016 em y0chiy50 ea | |
| 101 | 0 | @achi |
| 102 | @aCN@b110000 | |
| 105 | @aak z 000yy | |
| 200 | 1 | @a地震灾害应急救援与救援资源合理配置@Adi zhen zai hai ying ji jiu yuan yu jiu yuan zi yuan he li pei zhi@f苏幼坡,陈建伟,王卫国著 |
| 210 | @a北京@c中国建筑工业出版社@d2016.06 | |
| 215 | @a12,214页@c图@d26cm | |
| 300 | @a河北省地震工程研究中心学术专著 | |
| 330 | @a本书的内容包括地震灾害应急救援概论、应急救援的实证研究、地震复合灾害与应急救援、应急救援资源及其定量计算、应急救援模型、避难与应急救援、救援资源畅流、灾害弱者及其应急救援、配置规划要点等。 | |
| 333 | @a本书适合重大灾害及其应急救援的各级管理与指挥部门、研究机构的领导、管理人员、科学研究人员和高等学校防震减灾相关专业的师生。城市规划、避难场所及其发展规划、救援物资储备规划的规划师也有参考价值 | |
| 606 | 0 | @a地震灾害@x救援@x物资管理@x资源分配@x研究 |
| 690 | @aP315.95@v5 | |
| 701 | 0 | @a苏幼坡@Asu you po@f(1956-)@4著 |
| 701 | 0 | @a陈建伟@Achen jian wei@4著 |
| 701 | 0 | @a王卫国@Awang wei guo@4著 |
| 801 | 0 | @aCN@c201701015 |
| 905 | @a河南城建学院图书馆@dP315.95@eS860 | |
| 地震灾害应急救援与救援资源合理配置/苏幼坡,陈建伟,王卫国著.-北京:中国建筑工业出版社,2016.06 |
| 12,214页:图;26cm |
| 河北省地震工程研究中心学术专著.-使用对象:本书适合重大灾害及其应急救援的各级管理与指挥部门、研究机构的领导、管理人员、科学研究人员和高等学校防震减灾相关专业的师生。城市规划、避难场所及其发展规划、救援物资储备规划的规划师也有参考价值 |
| ISBN 978-7-112-19184-0:CNY49.00 |
| 本书的内容包括地震灾害应急救援概论、应急救援的实证研究、地震复合灾害与应急救援、应急救援资源及其定量计算、应急救援模型、避难与应急救援、救援资源畅流、灾害弱者及其应急救援、配置规划要点等。 |
| ● |
| 相关链接 |
|
|
|
正题名:地震灾害应急救援与救援资源合理配置
索取号:P315.95/S860
 
预约/预借
| 序号 | 登录号 | 条形码 | 馆藏地/架位号 | 状态 | 备注 |
| 1 | 1304956 | 213049565 | 期刊室512/401自科库 120排1列5层/ [索取号:P315.95/S860] | 在馆 | |
| 2 | 1360857 | 213608577 | 自科库401/401自科库 126排2列4层/ [索取号:P315.95/S860] | 在馆 | |
| 3 | 1360858 | 213608586 | 自科库401/401自科库 120排1列5层/ [索取号:P315.95/S860] | 在馆 |